Представление документа в формате RUSMARC

ПолеНазваниеЗначение
  Тип записи a
  Библиографический уровень c
001 Контрольный номер RU/IS/BASE/573655462
005 Дата корректировки 20201206205123.7
010 Индекс ISBN __
a ISBN 978-5-9908807-0-2 (в пер.)
d Цена 102-71
100 Данные общей обработки __
a Данные общей обработки 19180306d2017||||||| 0rusy0189 ca
101 Язык документа 0_
a Язык текста rus
102 Страна публикации __
a Страна публикации ru|
105 Кодированные данные (монография) __
a Кодированные данные (монография) a|||||||000zy
200 Заглавие и сведения об ответственности 1_
a Заглавие Серебряное копытце
e Сведения, относящиеся к заглавию уральские сказы : [для среднего школьного возраста]
f Первые сведения об ответственности М. Зощенко ; [художник Б. Игнатьев]
b Общее обозначение материала Текст
210 Выходные данные __
a Место издания Москва
c Издательство Искателькнига
d Дата издания 2017
215 Физическое описание __
a Объем 95 с.
c Иллюстрации/тип воспроизводства цв. ил.
d Формат 21 см
225 Серия __
a Серия Школьная классика
300 Общие примечания __
a Общие примечания 4000 экз.
327 Примечание о содержании __
a Примечание о содержании Медной горы хозяйка
327 Примечание о содержании __
a Примечание о содержании Малахитовая шкатулка
327 Примечание о содержании __
a Примечание о содержании Каменный цветок
327 Примечание о содержании __
a Примечание о содержании Горный мастер
327 Примечание о содержании __
a Примечание о содержании Хрупкая веточка
327 Примечание о содержании __
a Примечание о содержании Про Великого Полоза
327 Примечание о содержании __
a Примечание о содержании Синюшкин колодец
330 Аннотация __
a Аннотация Павел Петрович Бажов родился в уральском городе Сысерть. Мать его была искусной кружевницей, а отец работал мастером на заводе, построенном здесь ещё при Петре Первом. Павел мальчиком уехал в Екатеринбург и поступил в училище; позднее окончил знаменитую пермскую духовную семинарию. В двадцатилетнем возрасте Бажов стал народным учителем, затем работал журналистом, редактором, писал книги по истории Урала, собирал фольклор. В 1924 году вышла первая книга Бажова "Уральские были" - воспоминания о дореволюционной жизни на Сысертских заводах, а в 1939 году - самое известное его произведение - сборник сказов "Малахитовая шкатулка". Ещё в глубокой древности у людей сложились представления о том, что подземные богатства охраняют чудесные существа. О Хозяйке Медной горы, о Великом Полозе, о таинственном руднике Гумёшки, о бабке Синюшке и её бездонном колодце с самоцветами Бажов слышал рассказы и в собственной семье, и на заводе. Все эти фольклорные персонажи стали действующими лицами его преданий, в которых сказка причудливо переплеталась с реальной жизнью. "Малахитовая шкатулка" из года в год пополнялась новыми сказами. Она принесла Бажову всенародную славу - ему была присуждена Государственная премия. В1944 году Бажов был награждён орденом Ленина. Сборник сказов "Малахитовая шкатулка" по праву вошёл в сокровищницу мировой литературы.
333 Примечание о целевом назначении __
a Примечание о целевом назначении 12+. Для детей старше 12 лет
517 Другие варианты заглавия __
a Другие варианты заглавия Медной горы хозяйка
517 Другие варианты заглавия __
a Другие варианты заглавия Малахитовая шкатулка
517 Другие варианты заглавия __
a Другие варианты заглавия Каменный цветок
517 Другие варианты заглавия __
a Другие варианты заглавия Горный мастер
517 Другие варианты заглавия __
a Другие варианты заглавия Хрупкая веточка
517 Другие варианты заглавия __
a Другие варианты заглавия Про Великого Полоза
517 Другие варианты заглавия __
a Другие варианты заглавия Синюшкин колодец
606 Тематические рубрики __
a Основная рубрика Художественная литература
606 Тематические рубрики __
a Основная рубрика Русская литература XX в. (произведения)
610 Ключевые слова __
a Ключевые слова волшебные сказки
a Ключевые слова детская литература
a Ключевые слова сказки
a Ключевые слова сказки для детей
a Ключевые слова сказы
a Ключевые слова тема волшебства
a Ключевые слова тема фольклора
a Ключевые слова уральские сказы
686 Индексы других классификаций __
2 Код системы rubbks
a Классификационный индекс ст84(2Рос=Рус)6-4
700 Автор _1
a Фамилия Бажов
b Имя П. П.
f Даты 1879-1950
g Полное личное имя Павел Петрович
4 Код отношения 070
702 Вторичная интеллектуальная ответственность _1
a Фамилия Игнатьев
b Имя Б.
4 Код отношения Художник
4 Код отношения 040
801 Источник записи _0
a Страна ru
b Организация Муниципальное бюджетное учреждение культуры "Централизованная библиотечная система" г. Сургут (Центральная городская библиотека им. А. С. Пушкина)
c Дата составления 20180306
g Правила каталогизации RCR
801 Источник записи _1
a Страна ru
b Организация Муниципальное бюджетное учреждение культуры "Централизованная библиотечная система" г. Сургут (Центральная городская библиотека им. А. С. Пушкина)
c Дата составления 20180306
g Правила каталогизации RCR
852 Данные о местонахождении __
j Шифр хранения ст84(2Рос=Рус)6-4
i Авторский знак Б 16
901 Тип документа __
t Тип документа x
a Ответственный КиК/Мамарузиева
903 Характеристики (МАРС) __
a Дата передачи 20180306
969 Тип издания __
a Тип издания издание для детей; сборник
990 Данные о заказе (DOS) __
j Количество экземпляров (DOS) 4
t N записи в КСУ для И/У (DOS) 201804